000 00555nam a2200217 a 4500
999 _c4269
_d4269
001 4269
003 BD-JhCC
005 20171125185808.0
008 171125s19561957e a|||| || | 000 0 eng d
035 _a(BD-JhCC)4269
040 _aBD-JhCC
_dBD-JhCC
041 _aeng
082 _a822.33
_bNEW 1957
100 _aNewton, Eric
245 _aDrama in the Making /
_cEric Newton, Jean Mcconnell
260 _aLondon :
_bUniversity of London Press,
_c1957
300 _a109 p. :
_c19 cm.
650 _aEnglish Drama
942 _2ddc
_cBK